00709nam a2200241 a 4500001001300000003000900013005001700022008004100039020001000080082001500090100001500105245008100120260004700201300001000248500003500258505001300293650002300306700001500329902000800344942000700352952009500359999001300454nice12345678IN_TiNIC20260116011343.0050524s1961 laha grp 000 0 eng  ac10000a297.1bHAK aHakim, K A aIslamic Ideologyb Fundamental Beliefs and Principles of Islam and Their App aLahorebInstitute of Islamic Culturec1961 a350p. aincludes index and biblioraphy2 aAppendix aIslam-Meccan Trade1 aHakim, K A bSRS cBK 00104070aHMIbHMId2007-07-27g100.00l0o297.1 HAKp02152r2007-07-27w2026-01-16yEB c785d785